La Favolosa Vita Di Hary N.Brown Orsetto centenario

保存先:
書誌詳細
第一著者: Annehelene Bubenzer
フォーマット: 図書
言語:言語不明
出版事項: Sperling &Kufer
タグ: タグ追加
タグなし, このレコードへの初めてのタグを付けませんか!

MARC

LEADER 00000nam a2200000Ia 4500
001 R-1640
003 CODICE-MESSINA
005 20260212102510.0
008 260211s9999 xx 000 0 und d
040 |c importazione_messina 
100 |a Annehelene Bubenzer 
245 0 |a La Favolosa Vita Di Hary N.Brown 
245 0 |b Orsetto centenario 
260 |b Sperling &Kufer 
942 |2 ddc  |c BK 
952 |0 0  |1 0  |2 ddc  |4 0  |6 SCAFFALE_16_000000000000000__STANZA_2  |7 0  |9 32480  |a ME  |b ME  |d 2026-02-11  |l 0  |o SCAFFALE 16 - STANZA 2  |p R-1640  |r 2026-02-11 23:53:13  |w 2026-02-11  |x [REVISIONARE]  |y BK 
999 |c 28147  |d 28147